Atlas de Mineralogía
| Main Author: | |
|---|---|
| Format: | Section = Libro |
| Language: | Undetermined Spanish |
| Published: |
Colombia
Pev. IATROS, Ediciones
1996
|
| Subjects: |
| LEADER | 00533nam a2200217Ia 4500 | ||
|---|---|---|---|
| 008 | 240829s9999 xx 000 0 und d | ||
| 020 | |a 958-9261-30-2 | ||
| 040 | |a BIBLIOTECA-RUSB/ Ref 549 C718 | ||
| 041 | |a spa | ||
| 082 | |a Ref 549 C718 | ||
| 100 | 1 | |a Colombia. IATROS | |
| 245 | 1 | 0 | |a Atlas de Mineralogía |
| 260 | |a Colombia |b Pev. IATROS, Ediciones |c 1996 | ||
| 300 | |a 96 p. :il. | ||
| 650 | 7 | |a MINEROLOGIA - ATLAS | |
| 650 | 7 | |b ORO | |
| 650 | 7 | |c PLATINO | |
| 650 | 7 | |d SULFATOS | |
| 942 | |c BK |2 ddc | ||
| 991 | |a TEXTO | ||
| 999 | |c 6036 | ||